000 01564cam a2200397 i 4500
001 60619
003 CO-BoRNBP
005 20260225201127.0
007 ta
008 221117s2022 ck b gr 001 fdspa
020 _a9786287586000
020 _a9789505471669
040 _aCO-BoBN
_bspa
_erda
_cCO-BoBN
041 1 _aspa
_heng
043 _ae-uk-en
084 _aN TOL3
100 1 _aTolkien, John Ronald Reuel,
_d1892-1973,
_eautor
_969269
245 1 3 _aEl Silmarillion /
_cJ. R.R. Tolkien ; editado por Christopher Tolkien ; traducción de Rubén Masera y Luis Domènech
250 _aPrimera edición
264 1 _aCiudad autónoma de Buenos Aires :
_bMinotauro,
_c2014
300 _a541 páginas :
_bmapa en blanco y negro ;
_c23 cm
336 _aTexto
_btxt
_2rdacontent
337 _aSin mediación
_bn
_2rdamedia
338 _aVolumen
_bnc
_2rdacarrier
500 _aIncluye biografía del autor
500 _aIncluye índice de nombres
505 2 _aQuenta Silmarillion (la historia de los silmarils) -- Ainulindalë (la música de los ainur) -- Valaquenta (historia de los valar) -- Akallabêth (la caída de Númenor) -- De los Anillos de poder y la tercera edad
534 _tThe Silmarillion
650 1 4 _aNovela fantástica inglesa
_ySiglo XX
_2LEMB
_969270
650 2 4 _aMitología
_vNovela
_2LEMB
_969271
700 1 _aTolkien, Christopher,
_eeditor
_969272
700 1 _aMasera, Rubén,
_etraductor
_969273
700 1 _aDomènech, Luis,
_etraductor
_969262
942 _2ddc
_cBK
990 _a2022-9454
_bEditorial Planeta Colombiana S.A.
999 _c60619
_d60619